000 00385nam a2200169Ia 4500
008 170705s9999 xx 000 0 und d
020 _a9780545571838
245 _aGrin and bear it /
245 _cLeo Landry.
260 _aNew York :
260 _bScholastic,
260 _c2011
300 _a48 pages :
300 _bcolor illustration ;
300 _c21cm.
500 _a430
999 _c335722
_d335722